000 00663nam a2200253Ia 4500
003 OSt
005 20220918210300.0
006 a|||||r|||| 00| 0
007 ta
008 220917b |||||||| |||| 00| 0 eng d
024 _a119,940
037 _cTextual
040 _aARTS
_cARTS
_beng
041 _2eng
_aeng
082 _aV687:2r, J4
100 _aI
_9117716
110 _aGreat Britain Colonial Office
_910985
245 0 _aKenya
_b Proposal for a reconstruction of the Government
260 _c1954
650 _aHISTORY
700 _aGreat Britain Colonial Office
942 _hV687:2r, J4
_cTEXL
_2CC
999 _c243198
_d243198